| 000 | 00650nam a2200217Ia 4500 | ||
|---|---|---|---|
| 003 | OSt | ||
| 005 | 20220923230409.0 | ||
| 006 | a|||||r|||| 00| 0 | ||
| 007 | ta | ||
| 008 | Pun | ||
| 024 | _a280,909 | ||
| 037 | _cTextual | ||
| 040 |
_aARTS _cARTS _bPun |
||
| 041 |
_2Pun _aPun |
||
| 082 | _aQ8441:21:g, 153N4 | ||
| 100 | _aਵੇਦੀ, ਭਗਤ ਸਿੰਘ | ||
| 245 | 0 | _aਬ੍ਰਹਿਮੰਡੀ ਚੇਤਨਾ ਦੇ ਪਰਿਪੇਖ ਵਿਚ ਗੁਰਬਾਣੀ ਦਾ ਅਧਿਐਨ | |
| 260 | _c1994 | ||
| 942 |
_hQ8441:21:g, 153N4 _cTEXL _2CC |
||
| 999 |
_c384545 _d384545 |
||